000 00237nam a2200097Ia 4500
008 220204s9999 xx 000 0 und d
082 _a059
_bWHI
245 0 _aWhitaker's almanack. 1965
260 _aLondon
_bBedforsquare
_c1965
942 _cBK
999 _c20535
_d20535